000 00719aas a2200181 4500
999 _c50047
_d50047
001 768714001
003 CO-MdFUSB
005 20170905125128.0
008 170905s1994 ag ||||| |||| 00| 0 spa d
022 _a0326-6737
040 _aCO-MdFUSB
_bspa
_cCO-MdFUSB
_dCO-MdFUSB
041 _aspa
100 1 _aMünter, Pablo
_eautor
245 1 0 _aProclamación evangélica y nacionalsocialismo :
_bun estudio de caso los "sermones patrióticos" del pastor Emil Gottfried Hagedorn en Rosario (Santa Fe) 1933-1945
_c/ Münter, Pablo
300 _aVolumen 13. Número 2 (1994), páginas 39-54
_c: 23 cm.
773 0 _tCuadernos de Teología
_049404
_959707
_gVolumen 13. Número 2 (1994), páginas 39-54
_qPágina 39
942 _cANA